| 000 | 01550nam0a2200337 4500 | ||
|---|---|---|---|
| 001 | RU\NLR\bibl\872376 | ||
| 005 | 20260406125226.0 | ||
| 035 | _a(NLR Aleph) 000860990 | ||
| 090 |
_a1539719 _c1539719 |
||
| 100 | _a20051115d1979 |||y0rusy50 ca | ||
| 101 | 0 | _arus | |
| 102 | _aRU | ||
| 105 | _aa ||||||||| | ||
| 200 | 1 |
_aЭмилия Адриановна Штина _eуказатель литературы _fБ-ка Киров. с.-х. ин-та, Киров. обл. б-ка им. А.И. Герцена _g[сост. З.Н. Бороздина, С.А. Шихова библиографы] |
|
| 210 |
_aКиров _c[б. и.] _d1979 |
||
| 215 |
_a46,[1] с., [1] л. портр. _d17 |
||
| 225 | 1 | _aУченые Кировского сельскохозяйственного института | |
| 320 | _aАлф. указ. работ: с. 39-44 | ||
| 320 | _aРаботы опубл. на иностр. яз.: с. 45 | ||
| 320 | _aУказ. соавт.: с. 46 | ||
| 600 | 1 |
_aШтина _bЭ.А. _f1910 - 2007 _gЭмилия Адриановна _jБиобиблиография _92256335 _3RU\NLR\auth\661353138 |
|
| 686 | _aП1д(2)я1 | ||
| 702 | 1 |
_aБороздина _bЗ. Н. _4220 |
|
| 712 | 0 | 2 |
_4570 _aКировский сельскохозяйственный институт _bБиблиотека _9309989 _3RU\NLR\AUTH\8818396 |
| 801 | 0 |
_aRU _bNLR _c20051115 _grcr |
|
| 801 | 1 |
_aRU _bNLR _c20051115 |
|
| 830 | _aсост. не раскр. | ||
| 942 | _cBOOK | ||
| 980 | _aNB | ||